书目信息 |
| 题名: |
社群发售变现, 你也学得会
|
|
| 作者: | 邓艳红 著 | |
| 分册: | ||
| 出版信息: | 北京 中国人民大学出版社 2024.09 |
|
| 页数: | 14,276页 | |
| 开本: | 21cm | |
| 丛书名: | ||
| 单 册: | ||
| 中图分类: | F713.365.2 | |
| 科图分类: | ||
| 主题词: | 网络营销 | |
| 电子资源: | ||
| ISBN: | 978-7-300-33111-9 | |
| 000 | 00955nam0 2200241 450 | |
| 001 | 012762092 | |
| 005 | 20251022181957.20 | |
| 010 | @a978-7-300-33111-9@dCNY69.90 | |
| 100 | @a20246118d2024 em y0chiy0110 ea | |
| 101 | 0 | @achi |
| 102 | @aCN@b110000 | |
| 105 | @aak z 000yy | |
| 106 | @ar | |
| 200 | 1 | @a社群发售变现, 你也学得会@9she qun fa shou bian xian , ni ye xue dei hui@f邓艳红著 |
| 210 | @a北京@c中国人民大学出版社@d2024.09 | |
| 215 | @a14,276页@c图@d21cm | |
| 300 | @a阅想·商业 | |
| 330 | @a本书可以说是一本社群生意经,是帮助创业者和企业用社群发售提升业绩,增加现金流的实战指导书,这本书主要教读者如何利用私域做产品发售,高效变现。在书中,作者将从谋划、造势、加热、发售,追售五个阶段出发,详细探讨我们在私域社群变现过程中可能遇到的各种问题,并提供系统的解决方法。 | |
| 606 | 0 | @a网络营销 |
| 690 | @aF713.365.2@v5 | |
| 701 | 0 | @a邓艳红@9deng yan hong@4著 |
| 801 | 0 | @aCN@c20250910 |
| 905 | @a河南城建学院图书馆@dF713.365@eD332@ZD332@f1 | |
| 社群发售变现, 你也学得会/邓艳红著.-北京:中国人民大学出版社,2024.09 |
| 14,276页:图;21cm |
| 阅想·商业 |
| ISBN 978-7-300-33111-9:CNY69.90 |
| 本书可以说是一本社群生意经,是帮助创业者和企业用社群发售提升业绩,增加现金流的实战指导书,这本书主要教读者如何利用私域做产品发售,高效变现。在书中,作者将从谋划、造势、加热、发售,追售五个阶段出发,详细探讨我们在私域社群变现过程中可能遇到的各种问题,并提供系统的解决方法。 |
| ● |
| 相关链接 |
|
|
|
正题名:社群发售变现, 你也学得会
索取号:F713.365/D332
 
预约/预借
| 序号 | 登录号 | 条形码 | 馆藏地/架位号 | 状态 | 备注 |
| 1 | 1635165 | 216351659 | 社科库409/409社科库 42排5列1层/ [索取号:F713.365/D332] | 在馆 |